[Event "DVM U12 2020"]
[Site "Magdeburg GER"]
[Date "2021.08.08"]
[Round "7"]
[White "Kempe, Caius Emilian"]
[Black "Nhan, Jinhon Raymon"]
[Result "1-0"]
[Termination "normal"]
[Board "1.1"]
[WhiteElo "2013"]
[BlackElo "1413"]
[WhiteClock "00:56:52"]
[BlackClock "00:24:38"]
[WhiteTeam "USV TU Dresden"]
[BlackTeam "Schachvereinigung 1920 Plettenberg e. V."]
[PlyCount "111"]
[WhiteFideId "16246861"]
[BlackFideId "16284690"]
[EventCountry "GER"]
[EventRounds "7"]
[EventType "team-swiss"]
[EventDate "2021.08.04"]

1. d4 {[%clk 01:30:58]} {[%emt 00:17:50]} Nf6 {[%clk 01:30:52]} 2. c4 {[%clk
01:31:24]} e6 {[%clk 01:31:16]} 3. Nc3 {[%clk 01:31:40]} Bb4 {[%clk 01:31:35]}
4. Bg5 {[%clk 01:32:00]} O-O {[%clk 01:31:34]} 5. e3 {[%clk 01:32:19]} h6
{[%clk 01:31:31]} 6. Bh4 {[%clk 01:32:34]} {[%emt 00:00:03]} d6 {[%clk
01:31:15]} 7. Bd3 {[%clk 01:32:49]} Nbd7 {[%clk 01:30:46]} 8. Nge2 {[%clk
01:33:05]} b6 {[%clk 01:29:43]} 9. O-O {[%clk 01:33:23]} Bb7 {[%clk 01:29:22]}
10. a3 {[%clk 01:30:45]} {[%emt 00:00:04]} Bxc3 {[%clk 01:29:42]} 11. Nxc3
{[%clk 01:31:14]} c5 {[%clk 01:26:21]} 12. d5 {[%clk 01:29:57]} a6 {[%clk
01:21:35]} {[%emt 00:01:08]} 13. Be2 {[%clk 01:25:52]} {[%emt 00:04:36]} Ne5
{[%clk 01:17:22]} {[%emt 00:04:42]} 14. e4 {[%clk 01:22:23]} {[%emt 00:03:59]}
Ng6 {[%clk 01:13:49]} {[%emt 00:04:03]} 15. Bg3 {[%clk 01:22:23]} {[%emt
00:00:33]} e5 {[%clk 01:12:01]} {[%emt 00:02:16]} 16. b4 {[%clk 01:21:49]}
{[%emt 00:03:37]} Qc7 {[%clk 01:10:23]} 17. Qb3 {[%clk 01:21:53]} Rfb8 {[%clk
01:09:28]} {[%emt 01:11:05]} 18. Rfb1 {[%clk 01:21:53]} Bc8 {[%clk 01:06:59]}
19. f3 {[%clk 01:21:43]} Bd7 {[%clk 01:04:47]} 20. Bf2 {[%clk 01:20:45]} Nf4
{[%clk 01:02:31]} 21. Bf1 {[%clk 01:20:27]} Nh7 {[%clk 00:52:59]} 22. Qc2
{[%clk 01:15:24]} {[%emt 00:00:04]} Qd8 {[%clk 00:50:37]} 23. Rb2 {[%clk
01:11:23]} Qg5 {[%clk 00:44:52]} 24. Kh1 {[%clk 01:10:30]} a5 {[%clk 00:39:14]}
25. Rab1 {[%clk 01:05:13]} axb4 {[%clk 00:35:58]} 26. axb4 {[%clk 01:05:29]}
Qd8 {[%clk 00:34:28]} 27. Rb3 {[%clk 01:02:17]} Qc7 {[%clk 00:30:58]} 28. Qb2
{[%clk 01:01:39]} Rd8 {[%clk 00:29:48]} {[%emt 00:10:44]} 29. Be1 {[%clk
00:56:07]} f5 {[%clk 00:26:47]} 30. bxc5 {[%clk 00:55:36]} {[%emt 00:01:18]}
bxc5 {[%clk 00:25:36]} {[%emt 00:01:25]} 31. Rb7 {[%clk 00:54:47]} {[%emt
00:01:32]} Qc8 {[%clk 00:25:10]} {[%emt 00:03:26]} 32. Qb6 {[%clk 00:54:44]}
Ba4 {[%clk 00:22:43]} {[%emt 00:00:45]} 33. Rc7 {[%clk 00:52:08]} {[%emt
00:03:31]} Qa6 {[%clk 00:22:09]} {[%emt 00:00:40]} 34. Nxa4 {[%clk 00:47:46]}
{[%emt 00:04:51]} Qxa4 {[%clk 00:22:24]} {[%emt 00:00:15]} 35. Qb7 {[%clk
00:47:35]} {[%emt 00:00:41]} Nh5 {[%clk 00:20:43]} {[%emt 00:02:10]} 36. exf5
{[%clk 00:47:08]} {[%emt 00:01:10]} Qc2 {[%clk 00:19:18]} {[%emt 00:02:07]} 37.
Bh4 {[%clk 00:43:44]} {[%emt 00:03:33]} Ra7 {[%clk 00:15:36]} {[%emt 00:04:09]}
38. Qxa7 {[%clk 00:37:26]} {[%emt 00:06:47]} Qxb1 {[%clk 00:15:56]} {[%emt
00:00:28]} 39. Kg1 {[%clk 00:37:50]} Rf8 {[%clk 00:12:23]} {[%emt 00:03:52]}
40. Be7 {[%clk 00:35:40]} {[%emt 00:02:40]} Rf7 {[%clk 00:08:37]} {[%emt
00:04:18]} 41. Bxd6 {[%clk 00:31:00]} {[%emt 00:05:07]} Qxf5 {[%clk 00:08:08]}
{[%emt 00:01:03]} 42. Bxc5 {[%clk 00:29:34]} {[%emt 00:01:53]} Rxc7 {[%clk
00:06:15]} {[%emt 00:02:23]} 43. Qxc7 {[%clk 00:29:41]} {[%emt 00:00:26]} N7f6
{[%clk 00:05:12]} {[%emt 00:01:31]} 44. Qb8+ {[%clk 00:27:59]} {[%emt
00:02:43]} Kh7 {[%clk 00:05:32]} 45. Qb3 {[%clk 00:27:33]} {[%emt 00:00:35]}
Qc8 {[%clk 00:03:07]} {[%emt 00:02:55]} 46. Be3 {[%clk 00:27:34]} {[%emt
00:00:37]} Nf4 {[%clk 00:01:21]} {[%emt 00:02:08]} 47. Bxf4 {[%clk 00:27:05]}
{[%emt 00:00:59]} exf4 {[%clk 00:01:44]} {[%emt 00:00:35]} 48. Qd3+ {[%clk
00:27:04]} {[%emt 00:00:06]} Kg8 {[%clk 00:01:36]} {[%emt 00:01:00]} 49. Qd4
{[%clk 00:27:22]} {[%emt 00:00:04]} Ne8 {[%clk 00:00:35]} {[%emt 00:01:14]} 50.
c5 {[%clk 00:26:49]} {[%emt 00:01:03]} Qc7 {[%clk 00:29:06]} {[%emt 00:02:01]}
51. d6 {[%clk 00:56:50]} {[%emt 00:00:27]} Qd7 {[%clk 00:28:14]} {[%emt
00:01:24]} 52. Qxf4 {[%clk 00:57:00]} {[%emt 00:00:27]} Nf6 {[%clk 00:28:21]}
{[%emt 00:00:26]} 53. Qc4+ {[%clk 00:56:43]} {[%emt 00:00:37]} Kh8 {[%clk
00:26:38]} {[%emt 00:02:11]} 54. c6 {[%clk 00:56:42]} {[%emt 00:00:32]} Qd8
{[%clk 00:24:22]} {[%emt 00:02:46]} 55. c7 {[%clk 00:56:35]} {[%emt 00:00:47]}
Qc8 {[%clk 00:24:38]} {[%emt 00:00:08]} 56. Qa6 {[%clk 00:56:52]} {[%emt
00:00:11]} 1-0

[Event "DVM U12 2020"]
[Site "Magdeburg GER"]
[Date "2021.08.08"]
[Round "7"]
[White "Nhan, Jiehou"]
[Black "Fruth, David"]
[Result "0-1"]
[Termination "normal"]
[Board "1.2"]
[WhiteElo "1428"]
[BlackElo "1749"]
[WhiteClock "00:51:07"]
[BlackClock "01:06:28"]
[WhiteTeam "Schachvereinigung 1920 Plettenberg e. V."]
[BlackTeam "USV TU Dresden"]
[PlyCount "126"]
[WhiteFideId "34608214"]
[BlackFideId "16257596"]
[EventCountry "GER"]
[EventRounds "7"]
[EventType "team-swiss"]
[EventDate "2021.08.04"]

1. e4 {[%clk 01:30:53]} c5 {[%clk 01:30:58]} 2. c3 {[%clk 01:30:56]} {[%emt
00:00:09]} d5 {[%clk 01:31:24]} {[%emt 00:00:05]} 3. exd5 {[%clk 01:30:58]}
{[%emt 00:00:24]} Qxd5 {[%clk 01:31:52]} {[%emt 00:01:47]} 4. d4 {[%clk
01:31:04]} g6 {[%clk 01:32:16]} 5. Nf3 {[%clk 01:30:19]} Bg7 {[%clk 01:32:45]}
{[%emt 00:00:25]} 6. Be3 {[%clk 01:29:55]} {[%emt 00:01:10]} cxd4 {[%clk
01:32:50]} 7. cxd4 {[%clk 01:30:23]} Nf6 {[%clk 01:33:11]} 8. Nc3 {[%clk
01:29:47]} {[%emt 00:08:51]} Qd8 {[%clk 01:28:30]} 9. h3 {[%clk 01:27:56]} O-O
{[%clk 01:28:22]} {[%emt 00:00:21]} 10. Be2 {[%clk 01:27:33]} {[%emt 00:15:25]}
Nc6 {[%clk 01:28:39]} 11. O-O {[%clk 01:27:31]} Nb4 {[%clk 01:28:14]} 12. Qb3
{[%clk 01:24:42]} Nbd5 {[%clk 01:26:38]} 13. Nxd5 {[%clk 01:23:06]} Nxd5 {[%clk
01:26:57]} 14. Bc4 {[%clk 01:20:53]} Nxe3 {[%clk 01:26:04]} 15. fxe3 {[%clk
01:21:21]} Qd6 {[%clk 01:24:42]} {[%emt 00:00:42]} 16. Rad1 {[%clk 01:17:36]}
{[%emt 00:20:30]} Qg3 {[%clk 01:23:53]} 17. h4 {[%clk 01:13:36]} Bh3 {[%clk
01:23:27]} 18. Ne1 {[%clk 01:07:00]} Bg4 {[%clk 01:21:43]} 19. Rd2 {[%clk
01:00:49]} {[%emt 00:06:42]} Bh6 {[%clk 01:17:39]} {[%emt 00:13:38]} 20. Nc2
{[%clk 00:57:41]} Bf5 {[%clk 01:14:39]} 21. Bd3 {[%clk 00:54:40]} {[%emt
00:13:29]} Bxe3+ {[%clk 01:14:38]} 22. Nxe3 {[%clk 00:55:09]} Qxe3+ {[%clk
01:15:06]} 23. Rff2 {[%clk 00:54:05]} Bxd3 {[%clk 01:12:26]} 24. Rxd3 {[%clk
00:54:33]} Qe1+ {[%clk 01:09:26]} 25. Rf1 {[%clk 00:54:47]} Qxh4 {[%clk
01:09:32]} 26. Qxb7 {[%clk 00:54:57]} Rab8 {[%clk 01:09:20]} 27. Qxa7 {[%clk
00:54:49]} Rxb2 {[%clk 01:09:35]} 28. Rdf3 {[%clk 00:53:15]} {[%emt 00:01:33]}
Rd2 {[%clk 01:05:17]} {[%emt 00:40:26]} 29. Rf4 {[%clk 00:49:28]} Qg5 {[%clk
01:02:40]} 30. R1f2 {[%clk 00:48:02]} Rd1+ {[%clk 01:02:26]} 31. Rf1 {[%clk
00:47:59]} Rxf1+ {[%clk 01:01:09]} 32. Rxf1 {[%clk 00:48:27]} Qe3+ {[%clk
01:01:35]} 33. Kh1 {[%clk 00:47:15]} Rd8 {[%clk 01:01:12]} 34. Rf3 {[%clk
00:46:20]} {[%emt 00:00:03]} Qe1+ {[%clk 01:00:20]} 35. Kh2 {[%clk 00:45:55]}
Qh4+ {[%clk 01:00:07]} 36. Rh3 {[%clk 00:46:11]} Qxd4 {[%clk 00:59:59]} 37.
Qxe7 {[%clk 00:46:25]} Qf4+ {[%clk 01:00:25]} {[%emt 00:00:03]} 38. Rg3 {[%clk
00:46:17]} Rd3 {[%clk 01:00:39]} 39. Qg5 {[%clk 00:46:26]} Qxg3+ {[%clk
00:59:29]} 40. Qxg3 {[%clk 00:46:51]} Rxg3 {[%clk 00:59:58]} 41. Kxg3 {[%clk
00:47:19]} Kf8 {[%clk 01:00:09]} {[%emt 00:00:28]} 42. a4 {[%clk 00:47:43]} Ke8
{[%clk 01:00:30]} 43. Kf4 {[%clk 00:47:49]} f6 {[%clk 01:00:48]} 44. Ke4 {[%clk
00:48:04]} Kd7 {[%clk 01:01:09]} 45. Kd5 {[%clk 00:48:29]} h5 {[%clk 01:01:06]}
46. a5 {[%clk 00:48:45]} {[%emt 00:00:03]} g5 {[%clk 01:01:25]} 47. a6 {[%clk
00:49:10]} Kc7 {[%clk 01:01:52]} 48. Ke6 {[%clk 00:49:30]} h4 {[%clk 01:02:15]}
49. Kf5 {[%clk 00:47:03]} Kb6 {[%clk 01:02:41]} 50. Kg4 {[%clk 00:47:17]} Kxa6
{[%clk 01:03:04]} 51. Kf5 {[%clk 00:47:36]} Kb6 {[%clk 01:03:28]} 52. Kg4
{[%clk 00:47:59]} Kc5 {[%clk 01:03:53]} 53. Kf3 {[%clk 00:48:22]} f5 {[%clk
01:04:16]} 54. Ke3 {[%clk 00:48:45]} g4 {[%clk 01:04:39]} 55. Kf4 {[%clk
00:49:07]} Kd4 {[%clk 01:04:55]} 56. Kxf5 {[%clk 00:49:14]} h3 {[%clk
01:05:15]} 57. g3 {[%clk 00:49:38]} h2 {[%clk 01:05:41]} 58. Kxg4 {[%clk
00:50:03]} h1=Q {[%clk 01:06:00]} 59. Kg5 {[%clk 00:50:25]} Qf3 {[%clk
01:06:07]} 60. g4 {[%clk 00:50:46]} Ke5 {[%clk 01:06:18]} 61. Kh5 {[%clk
00:50:46]} Kf6 {[%clk 01:06:11]} 62. Kh4 {[%clk 00:51:02]} Qg2 {[%clk
01:06:02]} 63. g5+ {[%clk 00:51:07]} {[%emt 00:00:31]} Kf5 {[%clk 01:06:28]}
0-1

[Event "DVM U12 2020"]
[Site "Magdeburg GER"]
[Date "2021.08.08"]
[Round "7"]
[White "Espig, Nils"]
[Black "Selter, Julian André"]
[Result "1-0"]
[Termination "normal"]
[Board "1.3"]
[WhiteElo "1601"]
[BlackElo "1391"]
[WhiteClock "00:28:58"]
[BlackClock "00:38:23"]
[WhiteTeam "USV TU Dresden"]
[BlackTeam "Schachvereinigung 1920 Plettenberg e. V."]
[PlyCount "105"]
[WhiteFideId "16236980"]
[BlackFideId "34608168"]
[EventCountry "GER"]
[EventRounds "7"]
[EventType "team-swiss"]
[EventDate "2021.08.04"]

1. e4 {[%clk 01:30:56]} {[%emt 00:00:06]} c5 {[%clk 01:30:55]} 2. Nf3 {[%clk
01:31:22]} g6 {[%clk 01:31:17]} 3. d4 {[%clk 01:31:40]} cxd4 {[%clk 01:31:38]}
4. Nxd4 {[%clk 01:31:46]} {[%emt 00:00:13]} Nc6 {[%clk 01:31:53]} 5. Nc3 {[%clk
01:31:38]} Bg7 {[%clk 01:31:49]} 6. Be3 {[%clk 01:31:55]} Nf6 {[%clk 01:31:55]}
7. f3 {[%clk 01:31:50]} {[%emt 00:00:05]} O-O {[%clk 01:31:46]} 8. g4 {[%clk
01:31:45]} d6 {[%clk 01:30:06]} 9. Qd2 {[%clk 01:30:40]} Nd7 {[%clk 01:28:40]}
10. h4 {[%clk 01:27:55]} {[%emt 00:23:35]} Nxd4 {[%clk 01:27:45]} 11. Bxd4
{[%clk 01:27:58]} Bxd4 {[%clk 01:27:52]} 12. Qxd4 {[%clk 01:28:22]} Qb6 {[%clk
01:27:52]} {[%emt 00:00:04]} 13. O-O-O {[%clk 01:26:54]} Qxd4 {[%clk 01:27:59]}
14. Rxd4 {[%clk 01:27:19]} Ne5 {[%clk 01:27:59]} 15. Be2 {[%clk 01:26:06]} Nc6
{[%clk 01:24:43]} {[%emt 00:00:04]} 16. Rdd1 {[%clk 01:26:02]} Be6 {[%clk
01:22:21]} 17. f4 {[%clk 01:25:01]} Rad8 {[%clk 01:10:26]} {[%emt 01:26:32]}
18. h5 {[%clk 01:21:52]} a6 {[%clk 01:08:25]} 19. Rh2 {[%clk 01:21:29]} Kg7
{[%clk 01:07:49]} 20. f5 {[%clk 01:16:59]} Bd7 {[%clk 01:06:48]} 21. Nd5 {[%clk
01:16:57]} f6 {[%clk 01:01:38]} 22. hxg6 {[%clk 01:11:08]} hxg6 {[%clk
01:01:41]} 23. fxg6 {[%clk 01:10:39]} Rh8 {[%clk 01:01:32]} 24. Rh5 {[%clk
00:58:53]} Kxg6 {[%clk 00:59:23]} 25. Rdh1 {[%clk 00:56:43]} Rxh5 26. gxh5+
{[%clk 00:56:00]} Kh7 {[%clk 00:52:32]} 27. Nf4 {[%clk 00:54:27]} Ne5 {[%clk
00:50:27]} 28. Nd5 {[%clk 00:52:44]} Nc6 {[%clk 00:50:46]} 29. Kd2 {[%clk
00:49:45]} Rg8 {[%clk 00:50:33]} 30. Ke3 {[%clk 00:48:49]} Kh6 {[%clk
00:50:31]} 31. Nf4 {[%clk 00:47:30]} Ne5 {[%clk 00:49:58]} 32. b4 {[%clk
00:45:56]} Rg5 {[%clk 00:40:53]} 33. Nd5 {[%clk 00:41:42]} {[%emt 00:04:29]}
Ng4+ {[%clk 00:37:12]} {[%emt 00:04:19]} 34. Bxg4 {[%clk 00:40:57]} {[%emt
00:01:16]} Bxg4 {[%clk 00:37:20]} {[%emt 00:00:18]} 35. Nxe7 {[%clk 00:35:03]}
{[%emt 00:07:56]} Rxh5 {[%clk 00:36:31]} 36. Rxh5+ {[%clk 00:35:22]} Kxh5
{[%clk 00:36:48]} {[%emt 00:00:07]} 37. Nd5 {[%clk 00:35:32]} {[%emt 00:00:17]}
Kg5 {[%clk 00:37:06]} {[%emt 00:00:11]} 38. Nc7 {[%clk 00:34:40]} {[%emt
00:01:23]} Bd7 {[%clk 00:37:15]} {[%emt 00:00:21]} 39. Kd4 {[%clk 00:33:46]}
{[%emt 00:01:25]} Bc6 {[%clk 00:37:09]} {[%emt 00:00:35]} 40. c4 {[%clk
00:33:09]} {[%emt 00:06:27]} Kf4 {[%clk 00:36:05]} 41. Nd5 {[%clk 00:28:56]}
{[%emt 00:00:56]} Bxd5 {[%clk 00:34:30]} {[%emt 00:02:05]} 42. exd5 {[%clk
00:26:15]} {[%emt 00:03:17]} Kg3 43. c5 {[%clk 00:26:15]} dxc5+ {[%clk
00:34:52]} {[%emt 00:07:09]} 44. bxc5 {[%clk 00:26:39]} f5 {[%clk 00:35:19]}
45. d6 {[%clk 00:26:59]} f4 {[%clk 00:35:46]} 46. d7 {[%clk 00:27:23]} f3
{[%clk 00:36:14]} 47. d8=Q {[%clk 00:27:46]} f2 {[%clk 00:36:40]} 48. Qg5+
{[%clk 00:28:03]} Kf3 {[%clk 00:36:59]} 49. Qf5+ {[%clk 00:28:01]} Kg3 {[%clk
00:37:19]} 50. Ke3 {[%clk 00:28:20]} Kh2 {[%clk 00:37:34]} 51. Qxf2+ {[%clk
00:28:44]} Kh3 {[%clk 00:37:58]} 52. Kf4 {[%clk 00:28:58]} b6 {[%clk 00:38:23]}
53. Qg3+ 1-0

[Event "DVM U12 2020"]
[Site "Magdeburg GER"]
[Date "2021.08.08"]
[Round "7"]
[White "Schmidt, Moritz"]
[Black "Schmidt, Frederick"]
[Result "1/2-1/2"]
[Termination "normal"]
[Board "1.4"]
[WhiteElo "1454"]
[BlackElo "1208"]
[WhiteClock "00:54:07"]
[BlackClock "00:21:01"]
[WhiteTeam "Schachvereinigung 1920 Plettenberg e. V."]
[BlackTeam "USV TU Dresden"]
[PlyCount "96"]
[WhiteFideId "34603549"]
[BlackFideId "34608176"]
[EventCountry "GER"]
[EventRounds "7"]
[EventType "team-swiss"]
[EventDate "2021.08.04"]

1. e4 {[%clk 01:30:56]} e5 {[%clk 01:30:55]} 2. Nf3 {[%clk 01:31:16]} d6 {[%emt
00:00:03]} 3. d4 {[%clk 01:31:29]} exd4 {[%clk 01:31:15]} 4. Nxd4 {[%clk
01:31:18]} Nf6 {[%clk 01:31:02]} 5. Nc3 {[%clk 01:30:53]} Be6 {[%clk 01:30:20]}
6. Bf4 {[%clk 01:28:58]} {[%emt 00:04:22]} Be7 {[%clk 01:28:35]} 7. Bd3 {[%clk
01:26:25]} {[%emt 00:03:07]} Nbd7 {[%clk 01:27:43]} {[%emt 00:01:18]} 8. O-O
{[%clk 01:25:48]} {[%emt 00:01:08]} O-O {[%clk 01:27:23]} {[%emt 00:27:09]} 9.
Re1 {[%clk 01:23:19]} Ne5 {[%clk 01:22:59]} 10. Qe2 {[%clk 01:18:07]} c5 {[%clk
01:16:19]} 11. Nxe6 {[%clk 01:14:27]} fxe6 {[%clk 01:16:01]} 12. Bxe5 {[%clk
01:14:24]} {[%emt 00:00:04]} dxe5 {[%clk 01:15:56]} {[%emt 00:01:56]} 13. Bc4
{[%clk 01:13:29]} Qb6 {[%clk 01:14:40]} {[%emt 00:01:43]} 14. Na4 {[%clk
01:12:34]} {[%emt 00:01:25]} Qc6 {[%clk 01:14:17]} {[%emt 00:00:52]} 15. Bb5
{[%clk 01:11:34]} {[%emt 00:01:57]} Qc7 {[%clk 01:12:59]} {[%emt 01:16:25]} 16.
Qc4 {[%clk 01:11:04]} Qc8 {[%clk 01:08:58]} 17. Rad1 {[%clk 01:08:36]} Kh8
{[%clk 01:04:38]} 18. Bd7 {[%clk 01:06:24]} Nxd7 {[%clk 01:02:52]} 19. Qxe6
{[%clk 01:06:31]} Bg5 {[%clk 00:54:00]} {[%emt 00:00:03]} 20. Rxd7 {[%clk
01:05:42]} Bf6 {[%clk 00:50:23]} 21. Nc3 {[%clk 01:02:39]} Rd8 {[%clk
00:46:37]} 22. Red1 {[%clk 01:00:56]} Qc6 23. Rxd8+ Rxd8 {[%clk 00:40:40]} 24.
Rxd8+ {[%clk 01:01:21]} Bxd8 {[%clk 00:40:56]} 25. Qxe5 {[%clk 01:01:41]} h6
{[%clk 00:40:10]} 26. Qd5 {[%clk 00:59:24]} Qb6 {[%clk 00:38:37]} 27. h3 {[%clk
00:59:06]} Bf6 {[%clk 00:36:41]} 28. Qb3 {[%clk 00:55:20]} Qc6 {[%clk
00:35:24]} 29. Qd5 {[%clk 00:53:55]} Qb6 {[%clk 00:34:24]} 30. Qb3 {[%clk
00:54:05]} Qc6 {[%clk 00:34:01]} 31. Qc4 {[%clk 00:51:44]} Bxc3 {[%clk
00:28:48]} {[%emt 00:04:21]} 32. Qxc3 {[%clk 00:52:01]} {[%emt 00:00:03]} Qxe4
{[%clk 00:27:38]} {[%emt 00:02:15]} 33. Qxc5 {[%clk 00:52:56]} b6 {[%clk
00:27:42]} {[%emt 00:02:07]} 34. Qc7 {[%clk 00:51:55]} Qe1+ {[%clk 00:26:48]}
{[%emt 00:01:03]} 35. Kh2 {[%clk 00:52:18]} {[%emt 00:00:20]} Qxf2 {[%clk
00:26:56]} {[%emt 00:00:54]} 36. Qxa7 {[%clk 00:52:13]} Qf4+ {[%clk 00:24:06]}
{[%emt 00:03:07]} 37. Kh1 {[%clk 00:52:17]} {[%emt 00:00:28]} Qc1+ {[%clk
00:23:19]} {[%emt 00:01:47]} 38. Kh2 {[%clk 00:52:17]} Qf4+ {[%clk 00:22:50]}
{[%emt 00:01:11]} 39. Kg1 {[%clk 00:52:37]} Qc1+ {[%clk 00:22:58]} {[%emt
00:00:30]} 40. Kf2 {[%clk 00:52:57]} {[%emt 00:00:03]} Qxc2+ {[%clk 00:23:19]}
{[%emt 00:00:06]} 41. Kf3 {[%clk 00:53:05]} {[%emt 00:00:47]} Qxb2 {[%clk
00:22:46]} {[%emt 00:00:41]} 42. Qa8+ {[%clk 00:53:23]} {[%emt 00:00:17]} Kh7
{[%clk 00:22:32]} {[%emt 00:00:43]} 43. Qe4+ {[%clk 00:53:46]} Kh8 {[%clk
00:22:16]} {[%emt 00:00:43]} 44. Qe8+ {[%clk 00:53:48]} {[%emt 00:00:28]} Kh7
{[%clk 00:22:28]} {[%emt 00:00:42]} 45. Qe4+ {[%clk 00:54:07]} {[%emt
00:00:04]} Kh8 {[%clk 00:22:48]} 46. Qe2 {[%clk 00:54:11]} {[%emt 00:00:28]}
Qf6+ {[%clk 00:21:47]} {[%emt 00:01:35]} 47. Kg3 {[%clk 00:53:52]} {[%emt
00:00:39]} Qg5+ {[%clk 00:21:30]} {[%emt 00:00:50]} 48. Qg4 {[%clk 00:54:07]}
{[%emt 00:00:11]} Qe3+ {[%clk 00:21:01]} {[%emt 00:00:57]} 1/2-1/2

[Event "DVM U12 2020"]
[Site "Magdeburg GER"]
[Date "2021.08.08"]
[Round "7"]
[White "Krüger, Arthur"]
[Black "Apel, Linus"]
[Result "1-0"]
[Termination "normal"]
[Board "2.1"]
[WhiteElo "1643"]
[BlackElo "1475"]
[WhiteClock "00:23:18"]
[BlackClock "00:48:00"]
[WhiteTeam "Hamburger SK von 1830 eV"]
[BlackTeam "USV Erfurt"]
[PlyCount "65"]
[WhiteFideId "16244966"]
[BlackFideId "16265785"]
[EventCountry "GER"]
[EventRounds "7"]
[EventType "team-swiss"]
[EventDate "2021.08.04"]

1. d4 {[%clk 01:30:51]} d5 {[%clk 01:30:54]} 2. Bf4 {[%clk 01:31:17]} Nf6
{[%clk 01:31:14]} 3. Nf3 {[%clk 01:31:37]} Bf5 4. c3 {[%clk 01:25:31]} {[%emt
00:04:25]} Nbd7 {[%clk 01:28:42]} {[%emt 00:08:54]} 5. Nbd2 {[%clk 01:20:45]}
c6 {[%clk 01:28:38]} 6. Qb3 {[%clk 01:20:50]} {[%emt 00:06:58]} Qb6 {[%clk
01:27:36]} 7. e3 {[%clk 01:20:07]} e6 {[%clk 01:26:34]} 8. Nh4 {[%clk
01:17:55]} {[%emt 00:00:53]} Qxb3 {[%clk 01:26:05]} {[%emt 00:00:23]} 9. axb3
{[%clk 01:14:34]} {[%emt 00:03:52]} Bg6 {[%clk 01:24:42]} {[%emt 01:16:59]} 10.
Nxg6 {[%clk 01:13:59]} hxg6 {[%clk 01:25:01]} 11. h3 {[%clk 01:12:44]} Be7
{[%clk 01:24:54]} 12. Bd3 {[%clk 01:11:29]} O-O {[%clk 01:23:40]} {[%emt
00:00:05]} 13. f3 {[%clk 01:09:34]} Nh5 {[%clk 01:17:27]} 14. Bh2 {[%clk
01:07:51]} Bh4+ {[%clk 01:16:19]} 15. Ke2 {[%clk 01:06:55]} {[%emt 00:00:04]}
Ng3+ {[%clk 01:15:56]} 16. Bxg3 {[%clk 01:07:00]} Bxg3 {[%clk 01:16:20]} 17. f4
{[%clk 01:05:38]} Bh4 {[%clk 01:15:42]} {[%emt 00:00:05]} 18. Nf3 {[%clk
01:01:10]} Be7 {[%clk 01:15:17]} 19. g4 {[%clk 01:00:30]} a6 {[%clk 01:14:03]}
20. g5 {[%clk 00:58:41]} Rfe8 {[%clk 01:09:53]} {[%emt 00:00:05]} 21. h4 {[%clk
00:57:18]} Nf8 {[%clk 01:08:56]} 22. h5 {[%clk 00:48:35]} gxh5 {[%clk
01:05:05]} 23. Rxh5 {[%clk 00:48:53]} g6 {[%clk 01:05:14]} {[%emt 00:18:14]}
24. Rh6 {[%clk 00:47:45]} Kg7 {[%clk 01:01:05]} 25. Rah1 {[%clk 00:46:39]} Bd6
{[%clk 01:00:42]} 26. Nd2 {[%clk 00:35:13]} b5 {[%clk 00:57:38]} {[%emt
00:04:21]} 27. Kf3 {[%clk 00:31:00]} Ra7 {[%clk 00:55:41]} 28. e4 {[%clk
00:29:49]} Rae7 {[%clk 00:55:00]} 29. e5 {[%clk 00:28:13]} Bb8 {[%clk
00:55:06]} 30. Nf1 {[%clk 00:27:37]} Rc7 {[%clk 00:51:11]} {[%emt 00:04:24]}
31. Ne3 {[%clk 00:23:42]} {[%emt 00:03:37]} Rec8 {[%clk 00:49:49]} {[%emt
00:01:43]} 32. Ng4 {[%clk 00:23:18]} {[%emt 00:00:53]} Rd8 {[%clk 00:48:00]}
{[%emt 00:02:23]} 33. Rh8 {[%emt 00:02:28]} 1-0